000 00472nam a2200169Ia 4500
008 151021s9999 xx 000 0 und d
020 _a131866834
050 _aHF 5438.25.M35 2007
245 _a_Selling today creating customer value [10th ed.]
260 _aNew Jersey Pearson 2007
300 _axxxiv,554p.
500 _aIncludes index
500 _aIncludes index
650 _a_selling
700 _a_Barry L Reece
980 _a^d20130528 12:58:26^oanne
999 _c13829
_d13829